Grow A Garden Seeds - Roblox - Statistiques

Statistiques générales
  • Ce quiz a été pris 99 fois
  • Le résultat moyen est 7 sur 16
Statistiques - réponses
Par images Réponse % Correct
Bone Blossom
70%
Carrot
68%
Candy Blossom
64%
Kiwi
60%
Sugar Apple
58%
Romanesco
48%
Pepper
47%
Cocomango
45%
Daffodil
36%
Sunflower
34%
Elephant Ears
30%
Pitcher Plant
26%
Princess Thorn
26%
Dragon Pepper
23%
Moon Mango
12%
Soul Fruit
6%
Aucun quiz correspondant
Distribution des résultats
% des personnes avec chaque résultat
Percentile par nombre de réponses
Votre historique - résultats
Vous n’avez pas pris ce quiz